000 00470nam a2200157 4500
001 122910
003 ES-MaACL
005 20230906192051.0
007 t|
008 070214s1923 sp r ||||0| spa d
100 1 _aPulvermacher, Leoplodo.
_994391
245 1 0 _aFundamentos de la terapéutica de las enfermedades cutáneas y sexuales /
_cLeoplodo Pulvermacher.
260 _aMadrid :
_bSalvat,
_c1923.
300 _aVI, 274 p ;
_c21 cm.
852 _aES-MaACL
_jB-11578
999 _c122910
_d122910